000 00300nam a22001337a 4500
008 181107b xxu||||| |||| 00| 0 eng d
020 _a0534007678
041 _aeng
080 _a101
100 _a23
101 _aFIL
245 _aPhilosophy A Text With Readings
_cBarry.v
942 _2udc
_cBK
999 _c52189
_d52189